| 000 | 00716cam a22002537a 4500 | ||
|---|---|---|---|
| 003 | CHAP | ||
| 005 | 20220329135153.0 | ||
| 008 | 971013s1961 at r 00010 eng d | ||
| 010 | _a32066 | ||
| 011 | _a33038 | ||
| 035 | _a37153 | ||
| 040 | _cCHAP | ||
| 090 | _aFolleto 33 | ||
| 100 | 0 | 0 |
_aNewman, L. A. _981088 |
| 245 | 1 | 4 | _aThe box-ironbark forests of Victoria, Australia |
| 260 |
_aMelbourne : _bForests Commission of Victoria, _c1961 |
||
| 300 | _a15 p. mapa | ||
| 590 |
_aBATCH-UPD _b10 _c20130110 _lUCH01 _h2205 |
||
| 590 |
_aCONVERSION _b10 _c20130109 _lUCH01 _h1318 |
||
| 650 | 1 | 4 |
_aBosques _xAustralia. _914091 |
| 901 | _aBK | ||
| 942 | _cFOLL | ||
| 949 |
_aFolleto 33 _bBC _cFOLL _d-85195 _eTS1 _h2 _i37153 _si |
||
| 999 |
_c32066 _d32066 |
||